000 00401nam a2200169Ia 4500
005 20140407091742.0
008 140130s9999 xx 000 0 und d
050 _aT 39
_b.H88 1995
245 _cHudson, Wade
_aFive notable inventors
260 _bScholastic,
_c2004
300 _a47 p. :
_bill. ;
_c23 cm.
440 _v1
521 _aG4
526 _c620
942 _cBK
_2lcc
999 _c40794
_d40794